| 000 | 00662nam a22002415i 4500 | ||
|---|---|---|---|
| 001 | 16154 | ||
| 003 | ES-MaACL | ||
| 005 | 20230906151244.0 | ||
| 007 | t| | ||
| 008 | 000705s1993 sp ||||0| spa j | ||
| 020 | _a84-339-1370-0 | ||
| 040 |
_aM-BN _bspa _cM-BN |
||
| 080 | _a860-4"19" | ||
| 100 | 1 |
_aPuértolas, Soledad. _994193 |
|
| 245 | 1 | 3 |
_aLa vida oculta / _cSoledad Puértolas. |
| 250 | _a2ª ed. | ||
| 260 |
_aBarcelona : _bAnagrama, _cD.L. 1993. |
||
| 300 |
_a285 p. ; _c22 cm. |
||
| 490 | 1 |
_aColección Argumentos ; _v140 |
|
| 830 | 0 |
_aColección Argumentos ; _v140 _9178071 |
|
| 852 |
_aES-MaACL _jL-23434 _bR.128361 |
||
| 999 |
_c16154 _d16154 |
||